| 000 | 01289nam0a2200289 4500 | ||
|---|---|---|---|
| 001 | RU\NLR\bibl\118971 | ||
| 005 | 20260406053653.0 | ||
| 035 | _a(NLR Aleph) 000116507 | ||
| 090 |
_a662315 _c662315 |
||
| 100 | _a20001121d2000 m y0rusy50 ca | ||
| 101 | 0 | _arus | |
| 102 | _aRU | ||
| 105 | _ay ||||||||| | ||
| 200 | 1 |
_aИзбранные труды _eДокл. о масонстве, о-ве YMCA и Париж. богосл. ин-те _fАрхиеп. Феофан Полтавский |
|
| 210 |
_aМ. _cПравослав. действие _d2000 |
||
| 215 |
_a46 с. _d21 |
||
| 320 | _aБиблиогр. в подстроч. примеч. | ||
| 601 | 0 | 2 |
_aРусская православная церковь _xи масонство _92185899 _3RU\NLR\auth\661314239 |
| 686 | _aЭ372.24-37-019.891.6 | ||
| 700 | 0 |
_4070 _7ca _8rus _aФеофан _cБыстров, Василий Дмитриевич _cархиепископ Полтавский и Переяславский _f1873-1940 _9118287 _3RU\NLR\AUTH\778378 |
|
| 801 | 0 |
_aRU _bNLR _c20001121 _gPSBO |
|
| 801 | 1 |
_aRU _bNLR _c20001121 |
|
| 852 |
_aNLR _j2000-4/7021 |
||
| 942 | _cBOOK | ||
| 980 | _aNB | ||